000
00318nam a2200133Ia 4500
008
191201s2009 xx 000 0 und d
082
_a
621.3845
_b
FEW
100
_a
FEHER,Kamilo
245
0
_a
Wireless Digital Communications
260
_a
N.Delhi
_b
PHI
_c
2009
300
_a
524
650
_a
B.Tech(ECE)
942
_2
ddc
_c
BK
999
_c
974
_d
974